|
|
|
|
| LEADER |
00000nlm0a2200000 4500 |
| 001 |
666582 |
| 005 |
20240119155146.0 |
| 029 |
1 |
0 |
|a RU
|b 67357
|c Пат.
|d МПК H 02 P 9/04
|
| 035 |
|
|
|a (RuTPU)RU\TPU\network\37786
|
| 035 |
|
|
|a RU\TPU\network\6846
|
| 039 |
0 |
|
|a RU
|b 2007114352/22
|c 20070416
|
| 090 |
|
|
|a 666582
|
| 100 |
|
|
|a 20220112j20071010k y0rusy50 ca
|
| 101 |
0 |
|
|a rus
|
| 102 |
|
|
|a RU
|
| 105 |
|
|
|a a k 000zy
|
| 135 |
|
|
|a drgn ---uucaa
|
| 181 |
|
0 |
|a i
|
| 182 |
|
0 |
|a b
|
| 200 |
1 |
|
|a Ветроэлектростанция
|e полезная модель
|f Б. В. Лукутин, А. И. Муравлев, Е. Б. Шандарова
|g Национальный исследовательский Томский политехнический университет
|
| 203 |
|
|
|a Текст
|c электронный
|
| 300 |
|
|
|a опубл. 10.10.2007
|
| 330 |
|
|
|a Полезная модель направлена на полное использование энергии ветра. Указанный технический результат достигается тем, что ветроэлектростанция содержит ветроколесо, подключенное к генератору, регулятор напряжения, который подключен к обмоткам статора генератора, выпрямитель, подключенный к регулятору напряжения, аккумуляторную батарею и блок полезных нагрузок, подключенные к выпрямителю, при этом регулятор мощности балласта подключен к регулятору напряжения и к блоку балластных сопротивлений, дополнительный генератор подключен к ветроколесу, а коммутатор соединен с дополнительным генератором и с регулятором напряжения.
|
| 610 |
1 |
|
|a патенты
|
| 610 |
1 |
|
|a труды учёных ТПУ
|
| 610 |
1 |
|
|a изобретения
|
| 610 |
1 |
|
|a полезные модели
|
| 610 |
1 |
|
|a ветроэлектростанции
|
| 610 |
1 |
|
|a энергия ветра
|
| 610 |
1 |
|
|a ветроэнергетика
|
| 610 |
1 |
|
|a ветроустановки
|
| 610 |
1 |
|
|a преобразование энергии
|
| 700 |
|
1 |
|a Лукутин
|b Б. В.
|c специалист в области электротехники
|c профессор Томского политехнического университета, доктор технических наук
|f 1948-
|g Борис Владимирович
|3 (RuTPU)RU\TPU\pers\21974
|9 9293
|
| 701 |
|
1 |
|a Муравлев
|b А. И.
|c специалист в области электроснабжения промышленных предприятий
|c старший преподаватель Томского политехнического университета
|f 1984-
|g Алексей Игоревич
|3 (RuTPU)RU\TPU\pers\26847
|9 12466
|
| 701 |
|
1 |
|a Шандарова
|b Е. Б.
|c специалист в области электротехники
|c доцент Томского политехнического университета, кандидат технических наук
|f 1971-
|g Елена Борисовна
|3 (RuTPU)RU\TPU\pers\26024
|9 11871
|
| 712 |
0 |
2 |
|a Национальный исследовательский Томский политехнический университет
|b Инженерная школа энергетики
|b Отделение электроэнергетики и электротехники
|3 (RuTPU)RU\TPU\col\23505
|
| 712 |
0 |
2 |
|a Национальный исследовательский Томский политехнический университет
|b Инженерная школа энергетики
|b Отделение электроэнергетики и электротехники
|3 (RuTPU)RU\TPU\col\23505
|
| 801 |
|
1 |
|a RU
|b 63413507
|c 20120201
|
| 801 |
|
2 |
|a RU
|b 63413507
|c 20220112
|g RCR
|
| 856 |
4 |
|
|u https://new.fips.ru/Archive/PAT/2007FULL/2007.10.10/DOC/RUNWU1/000/000/000/067/357/DOCUMENT.PDF
|
| 942 |
|
|
|c CF
|